01682nam a22002897a 450000500170000000800410001702000180005804000250007604100080010108200180010910000270012724500900015426002980024430000330054249000320057550400680060765000930067565000410076865000820080965000370089165000680092870000300099694200150102699900150104195201740105695201620123020150508102058.0111014s2014 io a gr 00010 spa d a9786021504352 aCO-BoIAVHcCO-BoIAVH0 aspa04a577.309bM97r1 aMurcia, Carolina9421113aLa restauración ecológica en Colombia : btendencias, necesidades y oportunidades aBogor, Indonesia:bUniversidad Nacional de Colombia. Facultad de Ciencias Departamento de Biología;bAlcadía Mayor de Bogotá. Secretaría Distrital de Ambiente ;bEmpresa de Acueducto y Alcantarillado de Bogotá ;bCentro para la Investigación Forestal Internacional - CIFOR, c2014. a86 p. : bgráficasc28 cm. aDocumentos ocasionalesv107 aIncluye referencias bibliográficas (pag. 53-56) y apéndices 4aEcología de páramosz Embalse de Chisacá (Cundinamarca, Colombia)yColombia933841 aEcología forestalzColombia933842 aEcología de embalsesz Embalse de Chisacá (Cundinamarca, Colombia)933843 aReforestaciónzColombia933844 4aSemillasz Embalse de Chisacá (Cundinamarca, Colombia)9338451 aGuariguata, Manuel925220 2ddccLIBRO c8570d8570 00102ddc40708GENERALIINV2017aBogotabBogotad2014-07-30eInstitutog39000.00l0oLB-577.309 M97rp038258r2014-07-30 00:00:00tEj. 1w2014-07-30xDonaciónyLIBRO 00102ddc40708GENERALIINV2017aVenadobVenadod2015-06-17eInstitutog39000.00l0oLB-577.309 M97rp039075r2015-07-01 00:00:00tEj. 2w2015-06-17yLIBRO